000
00161 a2200085 4500
041
_a
spa
100
_a
Rops, daniel
245
_a
Diario de ana frank
942
_c
BK
999
_c
11222
_d
11222